000 00406nam a2200157Ia 4500
008 160316s1995 xxu||||| |||| 00| 0 eng d
082 _a345.080000
_bCDW
100 _a
245 _aConsultation on juvenile justice system
250 _a
260 _aMadras
_bCDWA & HRF
_c1995
300 _a141
_b
_c
365 _b
650 _a1. juvenile justice 2. legislation 3. care for children
700 _a
_a
999 _c34208
_d34208